[Event "SC Falke Saerbeck 1 - SG Turm Raesfeld/"]
[Site "Verbandsklasse 2017/2018"]
[Date "2017.09.16"]
[Round "1.2"]
[White "Fayazi, Shahriar"]
[Black "Brömmel, Chris"]
[Result "0-1"]
[WhiteElo "1964"]
[BlackElo "1775"]
[PlyCount "110"]
[EventDate "2017.??.??"]
[SourceTitle "Verband Muensterland"]
[SourceDate "2017.09.30"]
[SourceVersion "1"]
[SourceVersionDate "2017.09.30"]
[SourceQuality "1"]

1. c4 c6 2. g3 d6 3. d4 Qc7 4. Nc3 e5 5. Bg2 Be7 6. e3 Nf6 7. Nge2 O-O 8. O-O
Be6 9. b3 Rd8 10. Bb2 Nbd7 11. Rc1 Nf8 12. Qc2 Ng6 13. h3 h5 14. f4 Bd7 15. f5
Nf8 16. Ne4 N8h7 17. N2c3 Rac8 18. Qe2 Qa5 19. a3 exd4 20. exd4 Re8 21. b4 Qd8
22. Qd2 Nxe4 23. Nxe4 d5 24. cxd5 cxd5 25. Rxc8 Qxc8 26. Nc3 Bxf5 27. Qf4 Be6
28. Nxd5 Bg5 29. Qc7 Bxd5 30. Qxc8 Be3+ 31. Kh2 Rxc8 32. Bxd5 Rc2+ 33. Kh1 Rxb2
34. Rxf7 Kh8 35. Re7 Nf6 36. Rxe3 Nxd5 37. Re5 Nf6 38. Re7 b6 39. Rxa7 Ne4 40.
Rb7 Nxg3+ 41. Kg1 Nf5 42. Rxb6 Nxd4 43. a4 Ne2+ 44. Kh1 Kh7 45. a5 Ra2 46. Kg2
Nf4+ 47. Kg3 g5 48. a6 Ra3+ 49. Kf2 Nxh3+ 50. Kf1 g4 51. b5 Ra1+ 52. Kg2 h4 53.
Rb7+ Kh6 54. a7 Ra2+ 55. Kf1 g3 0-1

[Event "SC Falke Saerbeck 1 - SG Turm Raesfeld/"]
[Site "Verbandsklasse 2017/2018"]
[Date "2017.09.16"]
[Round "1.3"]
[White "Fasselt, Hendrik"]
[Black "Hoge, Reinhard"]
[Result "1-0"]
[WhiteElo "1833"]
[BlackElo "1846"]
[PlyCount "69"]
[EventDate "2017.??.??"]
[SourceTitle "Verband Muensterland"]
[SourceDate "2017.09.30"]
[SourceVersion "1"]
[SourceVersionDate "2017.09.30"]
[SourceQuality "1"]

1. b3 e5 2. Bb2 d6 3. e3 Nf6 4. Nf3 g6 5. Be2 Bg7 6. d3 O-O 7. O-O Nc6 8. Nbd2
h6 9. a3 Be6 10. c4 Ne7 11. Qc2 c5 12. d4 exd4 13. exd4 Bf5 14. Bd3 Bxd3 15.
Qxd3 cxd4 16. Nxd4 d5 17. Rfd1 Ng4 18. Rac1 Nf5 19. Ba1 Qh4 20. Nxf5 Qxh2+ 21.
Kf1 Rae8 22. Ng3 Re3 23. Nf3 Rxd3 24. Rxd3 Bxa1 25. Rxa1 dxc4 26. Nxh2 Nxh2+
27. Kg1 cxd3 28. Kxh2 Rc8 29. Ne4 f5 30. Nd2 Kf7 31. Kg3 Ke6 32. Kf3 Kd5 33.
Ke3 Rc3 34. Rb1 g5 35. f4 1-0

[Event "SC Falke Saerbeck 1 - SG Turm Raesfeld/"]
[Site "Verbandsklasse 2017/2018"]
[Date "2017.09.16"]
[Round "1.4"]
[White "Schröter, Manfred"]
[Black "Kadenbach, Wolfgang"]
[Result "0-1"]
[WhiteElo "1855"]
[BlackElo "1726"]
[PlyCount "98"]
[EventDate "2017.??.??"]
[SourceTitle "Verband Muensterland"]
[SourceDate "2017.09.30"]
[SourceVersion "1"]
[SourceVersionDate "2017.09.30"]
[SourceQuality "1"]

1. e4 e6 2. d4 d5 3. e5 c5 4. c3 Nc6 5. Nf3 Qb6 6. Bd3 cxd4 7. cxd4 Bd7 8. O-O
Nxd4 9. Nxd4 Qxd4 10. Nc3 Qxe5 11. Re1 Qb8 12. Nxd5 Bd6 13. Qg4 Kf8 14. Bf4
exd5 15. Qxd7 Bxf4 16. g3 Qc7 17. Qxd5 Nf6 18. Qf5 Bh6 19. g4 Bf4 20. g5 Nh5
21. Re4 g6 22. Qb5 Bxh2+ 23. Kf1 a6 24. Qb4+ Bd6 25. Qd4 Rg8 26. Rae1 Rd8 27.
Qe3 Bc5 28. Qf3 Qd7 29. Bc2 Kg7 30. Rd1 Qb5+ 31. Kg1 Rxd1+ 32. Bxd1 Qxb2 33.
Bb3 Qa1+ 34. Kh2 Bd6+ 35. Kh3 Qf1+ 36. Kh4 Rf8 37. Re8 Nf4 38. Qc3+ Kg8 39.
Bxf7+ Kxf7 40. Rxf8+ Kxf8 41. Qc8+ Kf7 42. Qxb7+ Ke6 43. Qc8+ Kd5 44. Qb7+ Ke5
45. Qg7+ Ke4 46. Qb7+ Nd5 47. f3+ Qxf3 48. Qb1+ Qd3 49. Qh1+ Kf4 0-1

[Event "SC Falke Saerbeck 1 - SG Turm Raesfeld/"]
[Site "Verbandsklasse 2017/2018"]
[Date "2017.09.16"]
[Round "1.5"]
[White "Droste, Laurenz"]
[Black "Bartsch, Jan"]
[Result "0-1"]
[WhiteElo "1646"]
[BlackElo "1687"]
[PlyCount "77"]
[EventDate "2017.??.??"]
[SourceTitle "Verband Muensterland"]
[SourceDate "2017.09.30"]
[SourceVersion "1"]
[SourceVersionDate "2017.09.30"]
[SourceQuality "1"]

1. f4 e5 2. fxe5 d6 3. Nf3 dxe5 4. e4 Bg4 5. Bc4 Nf6 6. d3 Nc6 7. Be3 Bd6 8.
Nbd2 Na5 9. O-O Qe7 10. c3 Nxc4 11. Qa4+ Qd7 12. Qxc4 Be6 13. Nxe5 Bxe5 14. Qb4
Qxd3 15. Rae1 O-O-O 16. Nb3 Qc4 17. Qa5 Ng4 18. Qxa7 Qa6 19. Qc5 Bxh2+ 20. Kh1
Bd6 21. Qa5 Qxa5 22. Nxa5 Nxe3 23. Rxe3 Be5 24. b3 Rd2 25. a4 Rhd8 26. Ref3 Rd1
27. Nc4 Bxc4 28. bxc4 Rxf1+ 29. Rxf1 f6 30. g4 Rd3 31. Rc1 Rxc3 32. Rxc3 Bxc3
33. Kg2 Kd7 34. Kf3 Be5 35. g5 h6 36. g6 Ke6 37. Kg4 Kd6 38. Kf5 Bd4 39. a5 0-1

[Event "SC Falke Saerbeck 1 - SG Turm Raesfeld/"]
[Site "Verbandsklasse 2017/2018"]
[Date "2017.09.16"]
[Round "1.6"]
[White "Bartsch, Rainer"]
[Black "Terhart, Jürgen"]
[Result "0-1"]
[WhiteElo "1779"]
[BlackElo "1759"]
[PlyCount "92"]
[EventDate "2017.??.??"]
[SourceTitle "Verband Muensterland"]
[SourceDate "2017.09.30"]
[SourceVersion "1"]
[SourceVersionDate "2017.09.30"]
[SourceQuality "1"]

1. d4 Nf6 2. Nf3 d5 3. e3 c6 4. Bd3 Bg4 5. Nbd2 Nbd7 6. h3 Bh5 7. g4 Bg6 8. Ne5
Nxe5 9. dxe5 Ne4 10. Nf3 e6 11. Bd2 Be7 12. Qe2 Qb6 13. b3 h5 14. Rg1 hxg4 15.
hxg4 Rh3 16. Kf1 Rxf3 17. Be1 Rh3 18. Kg2 Rh8 19. f3 Nc5 20. Bxg6 fxg6 21. b4
Nd7 22. f4 Qb5 23. Qd2 Qc4 24. Qd3 Qxd3 25. cxd3 O-O-O 26. Rc1 Kb8 27. d4 Nb6
28. Rb1 Nc4 29. Rb3 Kc7 30. g5 Rh5 31. Rh1 Rxh1 32. Kxh1 Rh8+ 33. Kg2 b6 34. a3
a5 35. Rd3 axb4 36. axb4 Ra8 37. Kf3 Ra3 38. Ke2 Rxd3 39. Kxd3 Kb7 40. e4 Ka6
41. exd5 cxd5 42. Kc3 Kb5 43. Kb3 Bf8 44. Bc3 Ne3 45. Be1 Nf5 46. Bc3 Ne7 0-1

[Event "SC Falke Saerbeck 1 - SG Turm Raesfeld/"]
[Site "Verbandsklasse 2017/2018"]
[Date "2017.09.16"]
[Round "1.7"]
[White "Aschenbrenner, Günter"]
[Black "Roos, Wilfried"]
[Result "0-1"]
[WhiteElo "1463"]
[BlackElo "1693"]
[PlyCount "46"]
[EventDate "2017.??.??"]
[SourceTitle "Verband Muensterland"]
[SourceDate "2017.09.30"]
[SourceVersion "1"]
[SourceVersionDate "2017.09.30"]
[SourceQuality "1"]

1. e4 c5 2. d4 cxd4 3. c3 dxc3 4. Nxc3 Nc6 5. Nf3 g6 6. Bc4 Bg7 7. O-O d6 8. h3
Nf6 9. Re1 O-O 10. a3 Nd7 11. Ba2 Nde5 12. Be3 Kh8 13. Nd2 f5 14. Nc4 f4 15.
Nxe5 Bxe5 16. Bc1 f3 17. Re3 Nd4 18. Rd3 Bxh3 19. Rxd4 Bxg2 20. Rd5 Qd7 21.
Rxe5 Qh3 22. Rh5 gxh5 23. Qd4+ e5 0-1

[Event "SC Falke Saerbeck 1 - SG Turm Raesfeld/"]
[Site "Verbandsklasse 2017/2018"]
[Date "2017.09.16"]
[Round "1.8"]
[White "Rogowski, Friedrich"]
[Black "Gesing, Christoph"]
[Result "1/2-1/2"]
[WhiteElo "1620"]
[BlackElo "1490"]
[PlyCount "32"]
[EventDate "2017.??.??"]
[SourceTitle "Verband Muensterland"]
[SourceDate "2017.09.30"]
[SourceVersion "1"]
[SourceVersionDate "2017.09.30"]
[SourceQuality "1"]

1. e4 e5 2. Nf3 d6 3. d4 exd4 4. Qxd4 Nc6 5. Bb5 Bd7 6. Bxc6 Bxc6 7. Nc3 Be7 8.
Qxg7 Bf6 9. Qg4 Bxc3+ 10. bxc3 Qf6 11. Bb2 Nh6 12. Qh4 Qxh4 13. Nxh4 Bxe4 14.
O-O-O O-O-O 15. Rhe1 Rde8 16. f3 Bc6 1/2-1/2

[Event "SK Königsspringer Nordwalde 1 - SC Hilt"]
[Site "Verbandsklasse 2017/2018"]
[Date "2017.09.16"]
[Round "1.1"]
[White "Kammers, Heribert"]
[Black "Lerke, Bernd"]
[Result "0-1"]
[WhiteElo "1993"]
[BlackElo "1842"]
[PlyCount "88"]
[EventDate "2017.??.??"]
[SourceTitle "Verband Muensterland"]
[SourceDate "2017.09.30"]
[SourceVersion "1"]
[SourceVersionDate "2017.09.30"]
[SourceQuality "1"]

1. d4 Nf6 2. Bg5 c5 3. Bxf6 gxf6 4. d5 Qb6 5. Qc1 f5 6. g3 Bh6 7. e3 Bg7 8. c3
e5 9. Ne2 d6 10. Nd2 Qd8 11. Qc2 b5 12. a4 b4 13. cxb4 cxb4 14. a5 O-O 15. Bh3
f4 16. Bxc8 Qxc8 17. Rc1 Qb7 18. e4 Na6 19. Qc6 Qxc6 20. Rxc6 Nc5 21. O-O f3
22. Nxf3 Nxe4 23. Rc4 Nc5 24. Ng5 Rab8 25. f3 Rb5 26. Ne4 Rd8 27. Rfc1 Bh6 28.
R1c2 f5 29. Nf2 b3 30. R2c3 Bd2 31. g4 Bxc3 32. Nxc3 Rxa5 33. gxf5 Ra1+ 34. Kg2
a5 35. Nfe4 Nxe4 36. Nxe4 Rb1 37. Rc7 Rxb2+ 38. Kh3 Rf8 39. f6 Rc2 40. Rb7 a4
41. Kg4 Rg2+ 42. Kf5 b2 43. Ke6 a3 44. Nxd6 Rg6 0-1

[Event "SK Königsspringer Nordwalde 1 - SC Hilt"]
[Site "Verbandsklasse 2017/2018"]
[Date "2017.09.16"]
[Round "1.2"]
[White "Sandmann, Matthias"]
[Black "Junk, Phillip"]
[Result "0-1"]
[WhiteElo "1841"]
[BlackElo "1825"]
[PlyCount "76"]
[EventDate "2017.??.??"]
[SourceTitle "Verband Muensterland"]
[SourceDate "2017.09.30"]
[SourceVersion "1"]
[SourceVersionDate "2017.09.30"]
[SourceQuality "1"]

1. Nf3 d5 2. g3 Nf6 3. Bg2 c5 4. O-O Nc6 5. c4 e6 6. cxd5 exd5 7. d4 Be6 8. Nc3
c4 9. Re1 Bb4 10. Qa4 Qa5 11. Qxa5 Bxa5 12. Rd1 h6 13. Na4 Bf5 14. Nc5 Bc2 15.
Rf1 O-O-O 16. Bf4 Bc7 17. Bh3+ Kb8 18. Ne5 Nxd4 19. Ned7+ Nxd7 20. Nxd7+ Rxd7
21. Bxd7 Nxe2+ 22. Kh1 Nxf4 23. gxf4 Rd8 24. Bg4 Bxf4 25. Rfe1 Bg5 26. Bf3 Bf6
27. Rac1 Bf5 28. Rcd1 Be6 29. Re2 d4 30. a4 d3 31. Re4 Bd5 32. b3 Bxe4 33. Bxe4
cxb3 34. Kg2 Rd4 35. Kf3 Rxa4 36. Rxd3 b2 37. Rb3 Rxe4 38. Kxe4 a5 0-1

[Event "SK Königsspringer Nordwalde 1 - SC Hilt"]
[Site "Verbandsklasse 2017/2018"]
[Date "2017.09.16"]
[Round "1.3"]
[White "Voigt, Stefan"]
[Black "Kasubke, Manfred"]
[Result "1/2-1/2"]
[WhiteElo "1794"]
[BlackElo "1847"]
[PlyCount "53"]
[EventDate "2017.??.??"]
[SourceTitle "Verband Muensterland"]
[SourceDate "2017.09.30"]
[SourceVersion "1"]
[SourceVersionDate "2017.09.30"]
[SourceQuality "1"]

1. e4 Nf6 2. e5 Nd5 3. d4 d6 4. Nf3 dxe5 5. Nxe5 c6 6. Be2 g6 7. O-O Bg7 8. c4
Nf6 9. Nc3 O-O 10. Bg5 h6 11. Be3 Bf5 12. Qd2 Kh7 13. Rad1 Nbd7 14. Nf3 Ne4 15.
Nxe4 Bxe4 16. Rfe1 Nb6 17. b3 e6 18. Ne5 f6 19. Nd3 Bxd3 20. Bxd3 f5 21. Bb1
Qd7 22. a4 Rad8 23. a5 Nc8 24. b4 Nd6 25. Qc1 Ne8 26. Qd2 Nd6 27. Qc1 1/2-1/2

[Event "SK Königsspringer Nordwalde 1 - SC Hilt"]
[Site "Verbandsklasse 2017/2018"]
[Date "2017.09.16"]
[Round "1.4"]
[White "Mense, Jens-Uwe"]
[Black "Junk, Andreas"]
[Result "1/2-1/2"]
[WhiteElo "1802"]
[BlackElo "1753"]
[PlyCount "33"]
[EventDate "2017.??.??"]
[SourceTitle "Verband Muensterland"]
[SourceDate "2017.09.30"]
[SourceVersion "1"]
[SourceVersionDate "2017.09.30"]
[SourceQuality "1"]

1. d4 d5 2. Nc3 Nf6 3. Bf4 c6 4. f3 e6 5. e4 Bb4 6. e5 Nfd7 7. a3 Be7 8. Be3 b6
9. f4 Ba6 10. Bxa6 Nxa6 11. Nf3 Nc7 12. O-O b5 13. Qe2 Nb6 14. b3 a5 15. a4 Bb4
16. Qd3 Qd7 17. Ne2 1/2-1/2

[Event "SK Königsspringer Nordwalde 1 - SC Hilt"]
[Site "Verbandsklasse 2017/2018"]
[Date "2017.09.16"]
[Round "1.6"]
[White "Steens, Rudolf"]
[Black "Buchholz, Christian"]
[Result "1-0"]
[WhiteElo "1784"]
[BlackElo "1606"]
[PlyCount "93"]
[EventDate "2017.??.??"]
[SourceTitle "Verband Muensterland"]
[SourceDate "2017.09.30"]
[SourceVersion "1"]
[SourceVersionDate "2017.09.30"]
[SourceQuality "1"]

1. e4 c5 2. c3 e6 3. d4 d5 4. e5 Nc6 5. Nf3 Be7 6. Bd3 Qb6 7. O-O Bd7 8. dxc5
Bxc5 9. Qe2 h6 10. b4 Be7 11. a4 Qc7 12. Re1 O-O-O 13. Ba3 f5 14. b5 Na5 15.
Nbd2 Kb8 16. c4 Bxa3 17. Rxa3 Qc5 18. Raa1 d4 19. Qd1 Ne7 20. Nb3 Nxb3 21. Qxb3
g5 22. Qa3 Qxa3 23. Rxa3 Bc8 24. Rd1 Ng6 25. h3 Nf4 26. Bf1 Rd7 27. Ne1 Rhd8
28. g3 Ng6 29. Nd3 Rc7 30. c5 f4 31. Bg2 h5 32. Be4 Ne7 33. gxf4 gxf4 34. Rc1
Nd5 35. Bxd5 Rxd5 36. Kg2 Bd7 37. Kf3 Be8 38. Rg1 Rf7 39. Rg6 Bd7 40. Ra1 Kc7
41. Rc1 a5 42. Rh6 Rf5 43. Rh7 Kb8 44. c6 bxc6 45. bxc6 Bc8 46. Rb1+ Ka8 47.
Rh8 1-0

[Event "SK Königsspringer Nordwalde 1 - SC Hilt"]
[Site "Verbandsklasse 2017/2018"]
[Date "2017.09.16"]
[Round "1.7"]
[White "Kobusch, Alexander"]
[Black "Schmidt, Ralf"]
[Result "1/2-1/2"]
[WhiteElo "1603"]
[BlackElo "1509"]
[PlyCount "86"]
[EventDate "2017.??.??"]
[SourceTitle "Verband Muensterland"]
[SourceDate "2017.09.30"]
[SourceVersion "1"]
[SourceVersionDate "2017.09.30"]
[SourceQuality "1"]

1. e4 d5 2. exd5 Qxd5 3. Nc3 Qd6 4. Bc4 Nf6 5. Nge2 c6 6. d3 Bg4 7. h3 Bh5 8.
g4 Bg6 9. Bf4 Qd8 10. Qd2 e6 11. Bh2 Bd6 12. f4 Qc7 13. a4 Nbd7 14. Rf1 O-O-O
15. Bg1 Nb6 16. Bb3 Bb4 17. O-O-O Ne4 18. Qe3 Bc5 19. d4 Nxc3 20. Qxc3 Bd6 21.
Qf3 h5 22. f5 hxg4 23. hxg4 exf5 24. gxf5 Bh5 25. Qf2 Rde8 26. Rde1 Re7 27. f6
gxf6 28. Qf5+ Kb8 29. Nc3 Rxe1+ 30. Rxe1 Bf4+ 31. Kb1 Bg5 32. a5 Nd5 33. Bxd5
Bg6 34. Qf2 cxd5 35. Re8+ Rxe8 36. Bh2 Re5 37. dxe5 Kc8 38. Qxa7 fxe5 39. Qa8+
Kd7 40. Qh8 Ke6 41. Qe8+ Be7 42. Qb5 f5 43. Nxd5 Qc5 1/2-1/2

[Event "SK Königsspringer Nordwalde 1 - SC Hilt"]
[Site "Verbandsklasse 2017/2018"]
[Date "2017.09.16"]
[Round "1.8"]
[White "Keller, Hansjürgen"]
[Black "May, Peter"]
[Result "1-0"]
[WhiteElo "1637"]
[BlackElo "1484"]
[PlyCount "85"]
[EventDate "2017.??.??"]
[SourceTitle "Verband Muensterland"]
[SourceDate "2017.09.30"]
[SourceVersion "1"]
[SourceVersionDate "2017.09.30"]
[SourceQuality "1"]

1. d4 Nf6 2. Bf4 d5 3. e3 Bf5 4. Nf3 e6 5. Nbd2 Bd6 6. Bg5 Nbd7 7. Be2 Qe7 8.
c4 c6 9. Qb3 h6 10. Bh4 O-O-O 11. cxd5 exd5 12. Rc1 a6 13. Bxa6 Nb8 14. Bxf6
gxf6 15. Bd3 Be4 16. Qc2 f5 17. O-O Bb4 18. a3 Bxd2 19. Qxd2 Rhg8 20. Bxe4 fxe4
21. Ne1 Qh4 22. f4 f5 23. b4 Rg6 24. b5 Rdg8 25. bxc6 Nxc6 26. Rf2 Rg4 27. Nc2
Qf6 28. Nb4 Qg6 29. Nxd5 Qd6 30. Nb4 Kd7 31. Nxc6 bxc6 32. Qa5 Qg6 33. Rcc2 Qh5
34. g3 Rh4 35. Rcd2 Rxg3+ 36. Kf1 Qg4 37. Rg2 Qf3+ 38. Rdf2 Qd1+ 39. Qe1 Qd3+
40. Re2 Rxe3 41. Qxh4 Qd1+ 42. Qe1 Rf3+ 43. Rgf2 1-0